[Event "Eastern Asia-ch U14"]
[Site "Tornelo INT"]
[Date "2021.10.31"]
[Round "7"]
[White "Kapoor, Satvik"]
[Black "Mohammadi Akbarabadi, Hossein"]
[Result "0-1"]
[WhiteElo "1333"]
[BlackElo "1605"]
[PlyCount "132"]
[EventDate "2021.10.29"]
[EventType "swiss"]
[EventRounds "9"]
[EventCountry "NET"]
[SourceTitle "EXT 2023"]
[Source "ChessBase"]
[SourceDate "2022.10.05"]
[SourceVersion "1"]
[SourceVersionDate "2022.10.05"]
[SourceQuality "1"]

1. e4 c6 2. d4 d5 3. exd5 cxd5 4. Nc3 Nc6 5. Bf4 Bf5 6. Nf3 e6 7. Bb5 Nge7 8. 0-0 a6 9. Bd3 Bg4 10. Be2 Ng6 11. Bg3 Bd6 12. Re1 0-0 13. Bxd6 Qxd6 14. a3 b5 15. h3 Bxf3 16. Bxf3 Na5 17. Qd3 Nc4 18. b3 Nxa3 19. Qd2 Rfc8 20. Bd1 Rc7 21. Re3 Rac8 22. Ra2 Qb4 23. Rg3 Rxc3 24. Rxc3 Rxc3 25. Rxa3 Rxb3 26. Qxb4 Rxb4 27. Bh5 Ra4 28. Rc3 Rxd4 29. Rc6 Rc4 30. Rxa6 Rxc2 31. Rb6 Rb2 32. Bg4 b4 33. h4 Nf8 34. h5 h6 35. Rb8 b3 36. g3 Rb1+ 37. Kg2 b2 38. Be2 f5 39. Bd3 Rd1 40. Bc2 Rc1 41. Rxb2 Nd7 42. Ba4 Rc7 43. Re2 Kf7 44. Rb2 Nf6 45. Rb8 Ra7 46. Bb5 Ke7 47. Be2 e5 48. Rb5 e4 49. Rb4 Kd6 50. f3 Kc5 51. Rb5+ Kd4 52. fxe4 fxe4 53. Kf2 Kc3 54. g4 d4 55. Rc5+ Kd2 56. g5 hxg5 57. Rxg5 d3 58. Bg4 e3+ 59. Kg1 e2 60. Bxe2 dxe2 61. Rd5+ Nxd5 62. h6 e1Q+ 63. Kh2 Qf2+ 64. Kh3 Ra3+ 65. Kg4 Rg3+ 66. Kh5 Qh2# 0-1

[Event "Eastern Asia-ch U14"]
[Site "Tornelo INT"]
[Date "2021.10.31"]
[Round "9"]
[White "Mohammadi Akbarabadi, Hossein"]
[Black "Nagare, Kaivalya Sandip"]
[Result "1-0"]
[WhiteElo "1605"]
[BlackElo "1535"]
[PlyCount "71"]
[EventDate "2021.10.29"]
[EventType "swiss"]
[EventRounds "9"]
[EventCountry "NET"]
[SourceTitle "EXT 2023"]
[Source "ChessBase"]
[SourceDate "2022.10.05"]
[SourceVersion "1"]
[SourceVersionDate "2022.10.05"]
[SourceQuality "1"]

1. c4 Nf6 2. Nc3 e6 3. e4 d5 4. cxd5 exd5 5. e5 Ne4 6. Nf3 Nc6 7. Bb5 Be7 8. 0-0 0-0 9. Re1 Bg4 10. Nxe4 dxe4 11. Rxe4 Bxf3 12. Qxf3 Nd4 13. Qd3 c5 14. Ba4 Qa5 15. Bd1 Rfd8 16. Qc3 Qb5 17. d3 Rac8 18. Be3 Ne6 19. Be2 Qc6 20. Rf1 Qd5 21. b3 Nd4 22. Bxd4 cxd4 23. Qd2 Rc3 24. f4 Bb4 25. Qd1 Qa5 26. f5 Qxa2 27. Bh5 Qxb3 28. Qg4 Rc7 29. f6 g6 30. e6 fxe6 31. Bxg6 Kh8 32. Rxe6 Bf8 33. f7 Qd5 34. Re8 hxg6 35. Rxd8 Qxd8 36. Qxg6 1-0

[Event "Eastern Asia-ch U14"]
[Site "Tornelo INT"]
[Date "2021.10.30"]
[Round "5"]
[White "Ahmed, Tanveer"]
[Black "Mohammadi Akbarabadi, Hossein"]
[Result "0-1"]
[WhiteElo "1249"]
[BlackElo "1605"]
[PlyCount "132"]
[EventDate "2021.10.29"]
[EventType "swiss"]
[EventRounds "9"]
[EventCountry "NET"]
[SourceTitle "EXT 2023"]
[Source "ChessBase"]
[SourceDate "2022.10.05"]
[SourceVersion "1"]
[SourceVersionDate "2022.10.05"]
[SourceQuality "1"]

1. e4 c6 2. Nf3 d5 3. exd5 cxd5 4. d4 Nf6 5. Bd3 Nc6 6. c3 Bg4 7. Bf4 e6 8. Nbd2 Bd6 9. Bxd6 Qxd6 10. h3 Bh5 11. 0-0 0-0 12. Re1 Qc7 13. Qc2 Rfc8 14. a3 Rab8 15. Ne5 Nxd4 16. Qa4 Nc6 17. Ndf3 Nxe5 18. Nxe5 Qb6 19. g4 Bg6 20. Bxg6 hxg6 21. g5 Ne4 22. Re2 Qc7 23. f4 b5 24. Qd4 Qb6 25. Qxb6 Rxb6 26. Rd1 a5 27. Kg2 Nd6 28. Rd3 Nc4 29. Nxc4 Rxc4 30. Kf3 Kf8 31. h4 Rc5 32. Kg4 b4 33. axb4 axb4 34. cxb4 Rxb4 35. Ra3 Rcb5 36. Rc2 Rb7 37. Ra8+ Ke7 38. Rcc8 Rxb2 39. Re8+ Kd6 40. Rac8 Rd7 41. Rc1 Rb4 42. Kf3 Rb3+ 43. Kg2 d4 44. f5 exf5 45. Kf2 d3 46. Ke3 Re7+ 47. Rxe7 Kxe7 48. Rc7+ Ke6 49. Rc6+ Kd7 50. Ra6 f4+ 51. Kd2 f3 52. Ra4 f2 53. Rf4 Ke6 54. Rf3 Rb1 55. Rxf2 Rb2+ 56. Ke1 Rxf2 57. Kxf2 Kf5 58. Ke3 Kg4 59. Kxd3 Kxh4 60. Ke4 Kxg5 61. Ke5 f5 62. Kd4 Kf4 63. Kd3 Kf3 64. Kd2 f4 65. Ke1 Kg2 66. Ke2 f3+ 0-1

[Event "Eastern Asia-ch U14"]
[Site "Tornelo INT"]
[Date "2021.10.30"]
[Round "6"]
[White "Mohammadi Akbarabadi, Hossein"]
[Black "Arhan, Chethan Anand"]
[Result "1-0"]
[WhiteElo "1605"]
[BlackElo "1456"]
[PlyCount "169"]
[EventDate "2021.10.29"]
[EventType "swiss"]
[EventRounds "9"]
[EventCountry "NET"]
[SourceTitle "EXT 2023"]
[Source "ChessBase"]
[SourceDate "2022.10.05"]
[SourceVersion "1"]
[SourceVersionDate "2022.10.05"]
[SourceQuality "1"]

1. c4 e5 2. Nc3 Nf6 3. Nf3 Nc6 4. e4 Bc5 5. Nxe5 Nxe5 6. d4 Bb4 7. dxe5 Nxe4 8. Qf3 Bxc3+ 9. bxc3 Ng5 10. Qg3 Ne6 11. Ba3 c5 12. Bd3 0-0 13. 0-0 f5 14. f4 b6 15. Rad1 Bb7 16. Be2 Bc6 17. Rd2 Qe7 18. Rfd1 Rad8 19. Bf3 Bxf3 20. Qxf3 g5 21. fxg5 Nxg5 22. Qd5+ Rf7 23. Bc1 Kh8 24. Rd3 f4 25. Rf1 Rdf8 26. Qd6 Qe6 27. Qxe6 dxe6 28. g3 Kg7 29. gxf4 Kh8 30. Re1 Rxf4 31. Bxf4 Rxf4 32. Ree3 Ne4 33. Rf3 Rg4+ 34. Kf1 Kg7 35. h3 Rg5 36. Rfe3 Rxe5 37. Rd7+ Kg6 38. Rxa7 Nd2+ 39. Ke2 Rxe3+ 40. Kxe3 Nxc4+ 41. Kd3 Ne5+ 42. Ke4 Nc4 43. Re7 Kf6 44. Rxh7 Nd2+ 45. Kd3 Nf3 46. h4 e5 47. Rh6+ Kf5 48. Rxb6 Nxh4 49. a4 e4+ 50. Ke3 Ke5 51. a5 Nf5+ 52. Kf2 e3+ 53. Ke2 Ke4 54. Re6+ Kd5 55. Rf6 Nd6 56. Rxd6+ Kxd6 57. Kxe3 Kd5 58. Kd3 c4+ 59. Ke3 Kc5 60. Ke4 Kb5 61. Kd5 Kxa5 62. Kxc4 Kb6 63. Kd5 Kc7 64. Kc5 Kd7 65. Kb6 Kc8 66. Kc6 Kd8 67. c4 Kc8 68. c5 Kb8 69. Kd7 Ka7 70. c6 Kb6 71. c7 Kb5 72. c8Q Kb6 73. Qc6+ Ka5 74. Qb7 Ka4 75. Qb6 Ka3 76. Qb5 Ka2 77. Qb4 Ka1 78. Kd6 Ka2 79. Kc5 Ka1 80. Kd5 Ka2 81. Ke6 Ka1 82. Kd5 Ka2 83. Kc4 Ka1 84. Kc3 Ka2 85. Qb2# 1-0

[Event "Eastern Asia-ch U14"]
[Site "Tornelo INT"]
[Date "2021.10.29"]
[Round "1"]
[White "Diganta, Roy"]
[Black "Mohammadi Akbarabadi, Hossein"]
[Result "1-0"]
[WhiteElo "1166"]
[BlackElo "1605"]
[PlyCount "81"]
[EventDate "2021.10.29"]
[EventType "swiss"]
[EventRounds "9"]
[EventCountry "NET"]
[SourceTitle "EXT 2023"]
[Source "ChessBase"]
[SourceDate "2022.10.05"]
[SourceVersion "1"]
[SourceVersionDate "2022.10.05"]
[SourceQuality "1"]

1. d4 d5 2. Nf3 Nf6 3. e3 e6 4. Bd3 c5 5. b3 Nc6 6. Bb2 b6 7. Ne5 Nxe5 8. dxe5 Nd7 9. 0-0 Bb7 10. f4 g6 11. Nd2 Bg7 12. e4 0-0 13. Qe2 Re8 14. exd5 exd5 15. c4 Nf8 16. cxd5 Bxd5 17. Rad1 Qc7 18. Be4 Rad8 19. Bxd5 Rxd5 20. Ne4 Qc6 21. Rxd5 Qxd5 22. Rd1 Qe6 23. Qf3 h5 24. h3 Nh7 25. g4 hxg4 26. hxg4 Qe7 27. Kg2 f6 28. Nd6 Rd8 29. Qd5+ Kf8 30. Rh1 Bh8 31. Re1 fxe5 32. fxe5 Ng5 33. Rf1+ Kg7 34. Rh1 Ne6 35. Qd2 g5 36. Nf5+ Kf7 37. Rh7+ Bg7 38. Qf2 Qb7+ 39. Kh2 Kg8 40. Rh5 Qe4 41. Ne7# 1-0

[Event "IRI-ch U14"]
[Site "Chess.com INT"]
[Date "2021.01.16"]
[Round "7"]
[White "Mohammadi Akbarabadi, Hossein"]
[Black "Teimouri Yadkuri, Shahdad"]
[Result "1-0"]
[WhiteElo "1617"]
[BlackElo "1885"]
[PlyCount "221"]
[EventDate "2021.01.16"]
[EventType "swiss"]
[EventRounds "11"]
[EventCountry "IRI"]
[SourceTitle "EXT 2022"]
[Source "ChessBase"]
[SourceDate "2021.10.06"]
[SourceVersion "1"]
[SourceVersionDate "2021.10.06"]
[SourceQuality "1"]

1. c4 c5 2. Nf3 Nf6 3. Nc3 Nc6 4. g3 g6 5. Bg2 Bg7 6. d4 cxd4 7. Nxd4 a6 8. 0-0 0-0 9. Nc2 Qc7 10. b3 d6 11. Bb2 Bd7 12. Qd2 Rac8 13. Rac1 Qb6 14. Nd5 Nxd5 15. Bxg7 Kxg7 16. Bxd5 Ne5 17. Qd4 Qxd4 18. Nxd4 Bc6 19. Bg2 Bxg2 20. Kxg2 Rc5 21. a4 Rfc8 22. Rcd1 Kf6 23. h3 e6 24. e4 Ke7 25. f4 Nd7 26. Rd2 Nf6 27. Re1 Rd8 28. Kf3 e5 29. Ne2 b5 30. fxe5 Rxe5 31. Nd4 Rc8 32. axb5 axb5 33. Nxb5 Rc6 34. Nc3 Rb6 35. Rb2 Rb7 36. g4 h5 37. Ra1 hxg4+ 38. hxg4 Rc5 39. Nd5+ Nxd5 40. exd5 Kd7 41. Rab1 Rb4 42. Ke3 Rc8 43. Kd3 Ke7 44. Kc3 Rcb8 45. Rf1 R4b7 46. b4 Rh8 47. Re2+ Kf8 48. Ref2 Rh3+ 49. Rf3 Rh4 50. Rf4 g5 51. Re4 Rh3+ 52. Kd4 Rxb4 53. Rf6 Rb2 54. Rxd6 Rc2 55. Ke5 Rhc3 56. Kf6 Rf3+ 57. Kxg5 Kg7 58. Rf4 Rxf4 59. Kxf4 Rxc4+ 60. Kf5 Rc1 61. Rd7 Rf1+ 62. Ke5 Re1+ 63. Kd6 Kf6 64. Ra7 Rd1 65. Ra6 Kg5 66. Ra4 f5 67. gxf5 Kxf5 68. Ra2 Ke4 69. Re2+ Kd4 70. Re5 Ra1 71. Rh5 Ra6+ 72. Kc7 Ra5 73. Kc6 Ra6+ 74. Kc7 Ra5 75. Kd6 Ra6+ 76. Ke7 Ra5 77. Ke6 Rb5 78. Rh4+ Kc5 79. d6 Rb1 80. Re4 Rd1 81. d7 Kc6 82. Rc4+ Kb7 83. Ke7 Re1+ 84. Kd8 Rh1 85. Rb4+ Kc6 86. Kc8 Ra1 87. Rb8 Rd1 88. d8Q Rxd8+ 89. Kxd8 Kd6 90. Rc8 Ke6 91. Rc7 Kd6 92. Kc8 Ke6 93. Rd7 Ke5 94. Kc7 Ke6 95. Kc6 Ke5 96. Rd6 Ke4 97. Rd5 Ke3 98. Kc5 Ke4 99. Kc4 Ke3 100. Rd4 Ke2 101. Rd3 Ke1 102. Kc3 Ke2 103. Kc2 Ke1 104. Rd2 Kf1 105. Kd3 Ke1 106. Ke3 Kf1 107. Re2 Kg1 108. Rf2 Kh1 109. Kf3 Kg1 110. Kg3 Kh1 111. Rf1# 1-0